000 00645nam a2200229Ia 4500
005 20250508163615.0
008 008 250505s9999 xx 000 0 eng d
020 _a0-7100-7984-2
037 _aTextBook
040 _aFEDL
_beng
_cFEDL
041 _aeng
_2eng
084 _a371.9, BRE
_qFEDL
100 _aBrennan W K
_9772433
245 0 _aShaping the education of slow learners
260 _aLondon, UK
_bRoutledge and Kegan Paul
_c1974
300 _ax,114p
365 _aINR
_b140
490 _aSpecial Needs in Education
650 _aSpecial educatin
_9775733
942 _cTB
_h371.9, BRE
999 _c1384327
_d1384327